Europa: Geografie mit S - Statistiken

Allgemein
  • Dieses Quiz wurde 210 mal gespielt
  • Das Durchschnittsergebnis liegt bei 11 aus 18
Antwortstatistiken
Hinweis Antwort % Korrekt
Land in Südosteuropa mit ca. 6,7 Mio. Einwohnern und Belgrad als Hauptstadt Serbien
99%
Ehemalige Hauptstadt und heute zweitgrößte Stadt Russlands St. Petersburg
96%
Nenne eine der beiden größten Inseln im Mittelmeer Sizilien | Sardinien
92%
Große Halbinsel in Nordeuropa, im allgemeinen Sprachgebrauch zusammenfassende Bezeichnung für eine unterschiedliche Anzahl nordischer Länder Skandinavien
85%
Die Flagge dieses Kleinstaats ist weiß und hellblau mit einem Wappen in der Mitte San Marino
83%
Fluss, der bei Le Havre in den Ärmelkanal mündet Seine
83%
Die Donau und der Dnepr münden in dieses Binnenmeer {Schwarzes} Meer
82%
Österreichisches Bundesland mit gleichnamiger Hauptstadt Salzburg
80%
Statuen dieser vier Märchenfiguren stehen nicht nur in Bremen, sondern auch in Köln, Riga und Haifa Stadtmusikanten
71%
In der Landessprache schreibt man diese Hauptstadt "София" Sofia
62%
Um den Namen von britischen Grafschaften zu erhalten, muss man häufig nur diesen Wortteil an eine Stadt anhängen (z. B. Nottingham..., Derby...., Aberdeen....) Shire
59%
Lange Zeit gehörte diese Region um Breslau zu Deutschland, heute liegt sie größtenteils in Polen Schlesien
51%
Britische Inselgruppe zwischen Schottland und Norwegen mit Lerwick als größter Stadt {Shetland}-Inseln
49%
Einer der drei Urkantone der Schweiz, der zwischen Vierwaldstätter- und Zürichsee liegt Schwyz
44%
Im 12. Jahrhundert begannen sich deutsche Siedler (die sogenannten Sachsen) in dieser auch Transsilvanien genannten Region niederzulassen Siebenbürgen
36%
Größte Insel Dänemarks, auf der auch die Hauptstadt Kopenhagen liegt Seeland
34%
Großstadt in der autonomen Region Kastilien-León, deren 1218 gegründete Universität die älteste Spaniens ist Salamanca
25%
Dem Namen nach "verstreute" griechische Inselgruppe, zu der unter anderem Skiathos, Kos und Samos gehören Sporaden
8%
Keine übereinstimmenden Quizze gefunden
Verteilung der Resultate
Anzahl Personen mit jedem Resultat
Perzentil nach korrekt beantworteten Fragen
Ihre Resultats-Entwicklung
Sie haben dieses Quiz noch nicht gespielt